[Event "XI Torneo Leonardo di Bona Nazionale"]
[Site "Cutro ITA"]
[Date "2005.04.25"]
[Round "2"]
[White "Rotunno, Giuseppe"]
[Black "Guzzo, Giovanni"]
[Result "1-0"]
[WhiteElo "1961"]
[BlackElo "1777"]
[PlyCount "79"]
[EventDate "2005.04.24"]

1. e4 e6 2. c4 d5 3. exd5 exd5 4. d4 Nf6 5. Bg5 Bb4+ 6. Nc3 Be6 7. Qb3 Nc6 8.
Nf3 b6 9. Bxf6 gxf6 10. Qa4 Qd7 11. cxd5 Qxd5 12. Bb5 Bd7 13. O-O-O Bxc3 14.
bxc3 Ne7 15. Bxd7+ Qxd7 16. Qa3 O-O 17. Rhe1 Ng6 18. h4 Qg4 19. h5 Qxh5 20. Rh1
Qg4 21. Rh2 Kg7 22. Rdh1 Rh8 23. Nh4 Qf4+ 24. Kb1 Qxf2 25. g4 Qf4 26. Nf5+ Kg8
27. Qb3 Rf8 28. Qd5 a5 29. Qc6 Qg5 30. a4 Nf4 31. Nh6+ Kg7 32. Nf5+ Kg8 33.
Ne7+ Kg7 34. Nf5+ Kg8 35. Qe4 h5 36. gxh5 Rxh5 37. Rxh5 Nxh5 38. Rh4 Qg1+ 39.
Kb2 Qf2+ 40. Kb3 1-0

[Event "XI Torneo Leonardo di Bona Nazionale"]
[Site "Cutro ITA"]
[Date "2005.04.25"]
[Round "2"]
[White "Russo, Carmelo"]
[Black "De Marco, Francesco"]
[Result "0-1"]
[WhiteElo "1763"]
[BlackElo "1884"]
[PlyCount "110"]
[EventDate "2005.04.24"]

1. Nf3 c5 2. b3 Nf6 3. c4 d6 4. Bb2 Nc6 5. g3 e6 6. Bg2 Be7 7. e4 O-O 8. e5
dxe5 9. Nxe5 Nd4 10. O-O Qc7 11. Re1 Nd7 12. Nf3 Bf6 13. Nc3 a6 14. Rb1 g6 15.
Ne4 Bg7 16. Nxd4 cxd4 17. d3 e5 18. Ba3 Re8 19. Qf3 Bf8 20. Bxf8 Rxf8 21. Rbc1
Rb8 22. c5 Qa5 23. Re2 Qa3 24. Rec2 f5 25. Nd6 Nf6 26. Nxc8 Rfxc8 27. c6 Qe7
28. c7 Ra8 29. Qxb7 e4 30. dxe4 fxe4 31. Bh3 Qe8 32. Bxc8 Rxc8 33. Qxa6 d3 34.
Rc6 d2 35. Rd1 e3 36. Qc4+ Kg7 37. Re6 exf2+ 38. Kxf2 Qd7 39. Ke2 Rxc7 40. Rxd2
Qc8 41. Re7+ Rxe7+ 42. Kd1 Qf5 43. Kc1 Re1+ 44. Kb2 Rb1+ 45. Ka3 Qa5+ 46. Qa4
Qxd2 47. Qa7+ Kh6 48. Qa8 Kh5 49. Qf3+ Kh6 50. Qa8 Qd6+ 51. Ka4 Rb2 52. Kb5 Nd7
53. Qa7 Rxa2 54. Qxa2 Qc5+ 55. Ka6 Qb6# 0-1

[Event "XI Torneo Leonardo di Bona Nazionale"]
[Site "Cutro ITA"]
[Date "2005.04.25"]
[Round "2"]
[White "Zavaglia, Giuseppe"]
[Black "Condello, Giuseppe"]
[Result "1/2-1/2"]
[WhiteElo "1730"]
[BlackElo "1861"]
[PlyCount "95"]
[EventDate "2005.04.24"]

1. e4 e6 2. d4 d5 3. Nd2 c5 4. dxc5 Bxc5 5. Nb3 Bb6 6. exd5 exd5 7. Nf3 Bg4 8.
Bb5+ Nc6 9. O-O Nge7 10. Bg5 f6 11. Bf4 O-O 12. c3 Ne5 13. Be2 N5g6 14. Bg3 Nf5
15. Nbd4 Nxg3 16. hxg3 Re8 17. Re1 Rc8 18. Qd2 Qd6 19. Bb5 Bd7 20. Bxd7 Qxd7
21. Rxe8+ Rxe8 22. Re1 Re4 23. Nc2 Qe6 24. Kf1 Rxe1+ 25. Qxe1 Ne5 26. Nfd4 Qf7
27. Qe2 Qg6 28. f4 Nd7 29. Qe6+ Qf7 30. Qxf7+ Kxf7 31. Nb4 Bxd4 32. cxd4 Nb6
33. b3 h5 34. Ke2 Ke6 35. Kf3 Nc8 36. Nd3 b6 37. g4 hxg4+ 38. Kxg4 Ne7 39. f5+
Kf7 40. Nf4 Nc6 41. Ne2 Ne7 42. Kf4 g6 43. g4 g5+ 44. Ke3 Ke8 45. Ng3 Nc6 46.
Ne2 Ke7 47. Kd2 Kd6 48. Kc3 1/2-1/2

[Event "XI Torneo Leonardo di Bona Nazionale"]
[Site "Cutro ITA"]
[Date "2005.04.26"]
[Round "3"]
[White "Barbuto, Sergio"]
[Black "Ielapi, Vito"]
[Result "1/2-1/2"]
[WhiteElo "1859"]
[BlackElo "1887"]
[PlyCount "141"]
[EventDate "2005.04.24"]

1. e4 e6 2. d4 c5 3. Nf3 cxd4 4. Nxd4 Nc6 5. c3 Be7 6. Be2 Nf6 7. Bf3 O-O 8.
O-O Ne5 9. Bf4 Nxf3+ 10. Qxf3 d6 11. e5 dxe5 12. Bxe5 Qa5 13. Re1 Nd7 14. Bg3
Bf6 15. Nb3 Qb6 16. N1d2 Qb5 17. Ne4 Be7 18. Bd6 Bxd6 19. Nxd6 Qb6 20. Rad1 Nf6
21. c4 Rb8 22. Ne4 Nxe4 23. Qxe4 Qc7 24. Qd4 b6 25. Qd6 Rb7 26. Re4 Re8 27.
Qxc7 Rxc7 28. Rc1 Rd8 29. Rd4 Rxd4 30. Nxd4 Kf8 31. Nb3 e5 32. c5 Ba6 33. cxb6
Rxc1+ 34. Nxc1 axb6 35. f3 Ke7 36. Kf2 Kd6 37. Ke3 Kd5 38. Nd3 Bb7 39. g3 g6
40. Nf2 h6 41. Ng4 h5 42. Nf6+ Ke6 43. Ne4 f6 44. Nc3 Bc6 45. b4 b5 46. f4
exf4+ 47. Kxf4 g5+ 48. Ke3 Ke5 49. a3 f5 50. a4 bxa4 51. b5 Bd7 52. b6 Bc6 53.
Nxa4 Kd6 54. Nc3 h4 55. gxh4 f4+ 56. Kf2 gxh4 57. Ne2 Ke5 58. Ng1 Kf5 59. Nf3
Ke4 60. Nxh4 Kd4 61. Ng6 Kc5 62. h4 Kxb6 63. Nxf4 Be8 64. Kg3 Kc7 65. Kg4 Kd6
66. Kg5 Ke7 67. Kh6 Kf6 68. Nd5+ Ke5 69. Ne7 Kf6 70. Ng8+ Kf5 71. Kg7 1/2-1/2

[Event "XI Torneo Leonardo di Bona Nazionale"]
[Site "Cutro ITA"]
[Date "2005.04.26"]
[Round "3"]
[White "Condello, Giuseppe"]
[Black "Fagotto, Roberto"]
[Result "0-1"]
[WhiteElo "1861"]
[BlackElo "1940"]
[PlyCount "103"]
[EventDate "2005.04.24"]

1. b3 e5 2. Bb2 Nc6 3. c4 Nf6 4. e3 d6 5. Nf3 Be7 6. Be2 Bg4 7. d4 exd4 8. exd4
d5 9. O-O O-O 10. a3 a5 11. Nbd2 Re8 12. Re1 Bf8 13. Rc1 Ne7 14. Qc2 Bf5 15.
Bd3 Bxd3 16. Qxd3 c6 17. c5 Qc7 18. Ne5 Ng6 19. Qf5 Qc8 20. Qf3 Nxe5 21. dxe5
Nd7 22. Bd4 g6 23. Qf4 Bg7 24. Rc3 Nf8 25. Rce3 Ne6 26. Qh4 g5 27. Qg4 h5 28.
Qxh5 Nxd4 29. Nf3 Nxf3+ 30. Rxf3 Qe6 31. Qxg5 Qg6 32. Qd2 Rxe5 33. Rg3 Rxe1+
34. Qxe1 Qf6 35. h3 Kf8 36. Rf3 Qa1 37. Qxa1 Bxa1 38. Rd3 Re8 39. Kf1 Re4 40.
f3 Re6 41. b4 axb4 42. axb4 d4 43. Ra3 Bc3 44. Ra8+ Kg7 45. Rd8 Re7 46. g4 Bxb4
47. Rxd4 Bxc5 48. Rc4 Be3 49. Kg2 c5 50. h4 b5 51. Rc2 b4 52. f4 0-1

[Event "XI Torneo Leonardo di Bona Nazionale"]
[Site "Cutro ITA"]
[Date "2005.04.26"]
[Round "3"]
[White "De Marco, Francesco"]
[Black "Macri', Pasquale"]
[Result "1-0"]
[WhiteElo "1884"]
[BlackElo "1368"]
[PlyCount "59"]
[EventDate "2005.04.24"]

1. e4 e5 2. Nf3 Nc6 3. Bc4 h6 4. O-O Nf6 5. Nc3 Bc5 6. a3 d6 7. h3 a6 8. b4 b5
9. Bd5 Nxd5 10. exd5 Bd4 11. dxc6 e4 12. Nxd4 d5 13. Bb2 Qg5 14. Kh1 Qe5 15.
Nde2 d4 16. Nb1 e3 17. Bxd4 Qd5 18. Nbc3 Qxc6 19. Nf4 Qd6 20. dxe3 O-O 21. Qf3
Bf5 22. Bc5 Qf6 23. Ncd5 Qe5 24. Bxf8 Rxf8 25. Rfe1 g5 26. Nh5 Be4 27. Qf6 Re8
28. Qxh6 Re6 29. Ndf6+ Rxf6 30. Qg7# 1-0

[Event "XI Torneo Leonardo di Bona Nazionale"]
[Site "Cutro ITA"]
[Date "2005.04.26"]
[Round "3"]
[White "Forlano, Luigi"]
[Black "Rizzuti, Pasquale"]
[Result "0-1"]
[WhiteElo "1912"]
[BlackElo "1871"]
[PlyCount "78"]
[EventDate "2005.04.24"]

1. c4 e5 2. b3 Bc5 3. Bb2 Nc6 4. e3 Nf6 5. a3 a5 6. d3 O-O 7. Nf3 Re8 8. Qc2 d6
9. Nbd2 Bf5 10. Ne4 h6 11. Be2 Ba7 12. h3 Qe7 13. g4 Nxe4 14. dxe4 Bh7 15. Rg1
f6 16. Nh4 g6 17. Bd3 f5 18. Nxg6 Qg5 19. exf5 Bxg6 20. fxg6 Bxe3 21. fxe3
Qxe3+ 22. Qe2 Qxg1+ 23. Kd2 Qg3 24. Re1 Rf8 25. Bf5 Qxb3 26. Kc1 Rae8 27. h4
Qg3 28. Rf1 Qxh4 29. Kb1 Kg7 30. Qe4 Qf6 31. Rh1 Ne7 32. Bc1 Nxf5 33. gxf5 Qxf5
34. Bxh6+ Kxg6 35. Qxf5+ Rxf5 36. Bd2 Ref8 37. Rh6+ Kg7 38. Re6 Kf7 39. Rh6 Rg8
0-1

[Event "XI Torneo Leonardo di Bona Nazionale"]
[Site "Cutro ITA"]
[Date "2005.04.26"]
[Round "3"]
[White "Frontera, Giuseppe"]
[Black "Rotunno, Giuseppe"]
[Result "1-0"]
[WhiteElo "1826"]
[BlackElo "1961"]
[PlyCount "71"]
[EventDate "2005.04.24"]

1. e4 c5 2. Nf3 e6 3. d4 cxd4 4. Nxd4 Nf6 5. Nc3 d6 6. Be3 a6 7. f3 Be7 8. Qd2
b5 9. g4 Bb7 10. O-O-O Nfd7 11. g5 Ne5 12. Rg1 b4 13. Nb1 d5 14. f4 Nc4 15.
Bxc4 dxc4 16. Qe2 Qc7 17. g6 hxg6 18. Rxg6 fxg6 19. Nxe6 Qc6 20. Nxg7+ Kf7 21.
Bd4 Bf6 22. Bxf6 Qxf6 23. Qxc4+ Kxg7 24. Qc7+ Qf7 25. Qe5+ Kh7 26. Rd3 Bc8 27.
f5 Bxf5 28. exf5 Qxf5 29. Qe7+ Kh6 30. Qh4+ Qh5 31. Qf4+ g5 32. Rd6+ Kh7 33.
Qf5+ Kg7 34. Qf6+ Kg8 35. Rd8+ Kh7 36. Rxh8# 1-0

[Event "XI Torneo Leonardo di Bona Nazionale"]
[Site "Cutro ITA"]
[Date "2005.04.26"]
[Round "3"]
[White "Guzzo, Giovanni"]
[Black "Zavaglia, Giuseppe"]
[Result "1/2-1/2"]
[WhiteElo "1777"]
[BlackElo "1730"]
[PlyCount "44"]
[EventDate "2005.04.24"]

1. Nf3 Nf6 2. g3 b6 3. Bg2 Bb7 4. O-O e6 5. d3 Be7 6. b3 O-O 7. Bb2 d6 8. Nbd2
Nbd7 9. Re1 Rb8 10. c4 e5 11. Nf1 Re8 12. Rb1 Bf8 13. e4 a5 14. a3 c5 15. Ne3
g6 16. Bc3 Bh6 17. b4 axb4 18. axb4 Qc7 19. b5 Ra8 20. Ra1 Rxa1 21. Qxa1 Ra8
22. Qb2 Qb8 1/2-1/2

[Event "XI Torneo Leonardo di Bona Nazionale"]
[Site "Cutro ITA"]
[Date "2005.04.26"]
[Round "3"]
[White "Luvera', Filippo"]
[Black "Ielapi, Gianbattista"]
[Result "1-0"]
[WhiteElo "1739"]
[BlackElo "1536"]
[PlyCount "127"]
[EventDate "2005.04.24"]

1. e4 c5 2. c3 Nc6 3. Nf3 d6 4. d4 cxd4 5. cxd4 e6 6. Nc3 Nf6 7. Bc4 Be7 8. O-O
O-O 9. Re1 Re8 10. d5 Na5 11. Bd3 b6 12. Bd2 e5 13. Rc1 Bd7 14. Nb5 Bxb5 15.
Bxb5 Rc8 16. Bxe8 Qxe8 17. Bxa5 bxa5 18. Rxc8 Qxc8 19. Nh4 g6 20. Nf3 Qc4 21.
b3 Qb4 22. Nd2 Bd8 23. Nc4 a4 24. Qd2 Qc5 25. Re2 axb3 26. axb3 a5 27. Nb2 Nh5
28. g3 Qa3 29. Qc2 Kg7 30. Kg2 Nf6 31. f3 Qb4 32. Qc4 Qb6 33. Na4 Qb7 34. Rb2
Qa7 35. b4 axb4 36. Qxb4 Be7 37. Nb6 Bf8 38. Nc8 Qa6 39. Rc2 Qd3 40. Qc4 Qa3
41. Ra2 Qe3 42. Rc2 Qa3 43. Qc6 Qe3 44. Qc4 Qa3 45. Qa2 Qd3 46. Rc6 h5 47. h4
Ne8 48. Qc2 Qa3 49. f4 exf4 50. gxf4 Kg8 51. Rc3 Qb4 52. Na7 Bh6 53. Nc6 Qb6
54. Rf3 Qc7 55. f5 Qd7 56. fxg6 fxg6 57. Rg3 Kh7 58. e5 Qf5 59. Qxf5 gxf5 60.
e6 f4 61. Rb3 Kg7 62. Rb7+ Kf8 63. Kf3 Nf6 64. Rf7+ 1-0

[Event "XI Torneo Leonardo di Bona Nazionale"]
[Site "Cutro ITA"]
[Date "2005.04.26"]
[Round "3"]
[White "Minniti, Giuseppe"]
[Black "Lomakina, Nadya"]
[Result "0-1"]
[WhiteElo "1749"]
[BlackElo "1926"]
[PlyCount "184"]
[EventDate "2005.04.24"]

1. e4 c5 2. d4 cxd4 3. c3 dxc3 4. Nxc3 Nc6 5. Bc4 e6 6. Nf3 d6 7. O-O Nf6 8.
Qe2 a6 9. Rd1 Qc7 10. Bf4 Ne5 11. Nxe5 dxe5 12. Bg5 Be7 13. Rac1 Qb8 14. Bxf6
Bxf6 15. Bb5+ axb5 16. Qxb5+ Kf8 17. Qc5+ Kg8 18. Nb5 h6 19. Nc7 b6 20. Qc3 Ra5
21. b4 Rxa2 22. Ne8 Bb7 23. Nxf6+ gxf6 24. Rd7 Bxe4 25. Qc4 Qa8 26. Qc7 Qa3 27.
Rxf7 Qxc1+ 28. Qxc1 Kxf7 29. Qc7+ Kg6 30. h3 b5 31. Qd7 Ra1+ 32. Kh2 Bd5 33.
Qxb5 Rg8 34. Qc5 Kg7 35. Qc7+ Kf8 36. Qc5+ Ke8 37. Qc8+ Kf7 38. Qc7+ Kf8 39.
Qc5+ Kf7 40. Qc7+ Kg6 41. Qc2+ e4 42. b5 Rb8 43. Qc3 Raa8 44. Qg3+ Kf7 45. Qc7+
Ke8 46. b6 Rb7 47. Qc3 Kf7 48. Qe3 Kg6 49. Qg3+ Kh7 50. Qf4 f5 51. Kg3 Ra6 52.
Kh4 Raxb6 53. Kh5 Kg8 54. Qh4 Rb2 55. Qd8+ Kg7 56. Qh4 R2b3 57. Qf4 Kg8 58. Qh4
Rf7 59. Qf4 Rh7 60. Qd6 Rbb7 61. Qa3 Rbf7 62. g3 Rhg7 63. h4 f4 64. g4 f3 65.
Qc5 Kh7 66. Qe3 Rf6 67. Qd2 Rfg6 68. Qf4 Rxg4 69. Qxh6+ Kg8 70. Qc1 e5 71. Qc8+
Kh7 72. Qf5+ Kh8 73. Qf8+ Bg8 74. Qf6 Bf7+ 75. Kh6 R4g6+ 76. Qxg6 Rxg6+ 77. Kh5
Rg2+ 78. Kh6 Rxf2 79. h5 Rh2 80. Kg5 f2 81. Kf6 f1=Q+ 82. Ke7 Rxh5 83. Kd6 Qd3+
84. Ke7 Qa3+ 85. Kxf7 Rh7+ 86. Ke6 Qe7+ 87. Kd5 e3 88. Ke4 e2 89. Kd5 e1=Q 90.
Kc4 Q1b4+ 91. Kd3 Qed6+ 92. Ke2 Qdd2+ 0-1

[Event "XI Torneo Leonardo di Bona Nazionale"]
[Site "Cutro ITA"]
[Date "2005.04.26"]
[Round "3"]
[White "Nudo, Walter"]
[Black "Levato, Biagio"]
[Result "0-1"]
[WhiteElo "1700"]
[BlackElo "1531"]
[PlyCount "92"]
[EventDate "2005.04.24"]

1. e4 c5 2. Nf3 Nc6 3. d4 cxd4 4. Nxd4 e6 5. Nxc6 bxc6 6. Bd3 Qc7 7. O-O Bb7 8.
b3 Nf6 9. Bb2 Be7 10. c4 d6 11. Nd2 O-O 12. Nf3 Nd7 13. Nd4 Rad8 14. a4 a6 15.
Kh1 Bf6 16. Rb1 d5 17. Qc2 Nc5 18. Nf3 Bxb2 19. Rxb2 dxe4 20. Bxe4 Nxe4 21.
Qxe4 Rfe8 22. Ng5 f5 23. Qc2 h6 24. Nh3 Rd7 25. b4 Rd4 26. c5 Red8 27. Re1 Bc8
28. b5 Qa5 29. Reb1 Rd2 30. Qb3 axb5 31. Rxd2 Rxd2 32. axb5 cxb5 33. Nf4 Qa4
34. g3 Qxb3 35. Rxb3 Bb7+ 36. f3 Bc6 37. Nxe6 Bd5 38. Re3 b4 39. Nd8 b3 40. c6
b2 41. Re1 Bxf3+ 42. Kg1 Rxd8 43. Rb1 Rd2 44. c7 Bb7 45. h4 Rc2 46. Rf1 Rc1 0-1

[Event "XI Torneo Leonardo di Bona Nazionale"]
[Site "Cutro ITA"]
[Date "2005.04.26"]
[Round "3"]
[White "Olivo, Gaetano"]
[Black "Di Mauro, Sebastiano"]
[Result "1-0"]
[WhiteElo "1610"]
[BlackElo "1799"]
[PlyCount "71"]
[EventDate "2005.04.24"]

1. e4 e6 2. d4 d5 3. e5 c5 4. c3 Qb6 5. Nf3 Nc6 6. a4 cxd4 7. cxd4 Bd7 8. Bb5
a6 9. Bxc6 bxc6 10. O-O Nh6 11. a5 Qa7 12. Bxh6 gxh6 13. Qd2 c5 14. dxc5 Qxc5
15. Nc3 Qb4 16. Na2 Qg4 17. h3 Qf5 18. Rfe1 Rg8 19. Kh1 Rb8 20. Nd4 Qg5 21. f4
Qg3 22. Rf1 Be7 23. Rf3 Qg6 24. Raf1 f5 25. Rc1 Kf7 26. Nc6 Bxc6 27. Rxc6 Rgc8
28. Rxa6 Rc4 29. Rc3 Bb4 30. Nxb4 Rcxb4 31. Rc7+ Kf8 32. Qc3 Qe8 33. Qc5+ Kg8
34. Raa7 Qf8 35. Qc6 Qe8 36. Rg7+ 1-0

[Event "XI Torneo Leonardo di Bona Nazionale"]
[Site "Cutro ITA"]
[Date "2005.04.26"]
[Round "3"]
[White "Olivo, Paolo"]
[Black "Carabetta, Alfredo"]
[Result "1-0"]
[WhiteElo "1700"]
[BlackElo "1497"]
[PlyCount "79"]
[EventDate "2005.04.24"]

1. d4 d5 2. c4 Nf6 3. Nc3 e6 4. Nf3 Nbd7 5. Bg5 Be7 6. Qc2 c5 7. cxd5 cxd4 8.
Nxd4 Nxd5 9. Bxe7 Nxe7 10. Ncb5 Nd5 11. e4 Qa5+ 12. Kd1 Nb4 13. Qc3 O-O 14. Nb3
Qa4 15. a3 Rd8 16. axb4 Qxb3+ 17. Kc1 Qxc3+ 18. bxc3 a6 19. f4 Nf6 20. e5 Bd7
21. Nd6 Nd5 22. Nxb7 Rdb8 23. Nc5 Bc8 24. Kc2 Nxf4 25. g3 Nd5 26. Bxa6 Bxa6 27.
Rxa6 Rxa6 28. Nxa6 Rc8 29. Nc5 Ne3+ 30. Kb3 Ng4 31. Nd3 Rd8 32. h3 Rxd3 33.
hxg4 Rxg3 34. b5 Rd3 35. Kb4 Kf8 36. Rxh7 Rd8 37. Rh8+ Ke7 38. Rxd8 Kxd8 39.
Kc5 Kc8 40. Kd6 1-0

[Event "XI Torneo Leonardo di Bona Nazionale"]
[Site "Cutro ITA"]
[Date "2005.04.26"]
[Round "3"]
[White "Paragliola, Gennaro"]
[Black "Russo, Carmelo"]
[Result "0-1"]
[WhiteElo "1541"]
[BlackElo "1763"]
[PlyCount "70"]
[EventDate "2005.04.24"]

1. d4 Nf6 2. c4 g6 3. Nc3 d5 4. cxd5 Nxd5 5. e4 Nxc3 6. bxc3 Bg7 7. Nf3 c5 8.
Be2 Nc6 9. Bb2 cxd4 10. cxd4 Qa5+ 11. Qd2 Qxd2+ 12. Kxd2 O-O 13. Rhd1 Nb4 14.
a3 Bh6+ 15. Kc3 Na6 16. Bc1 Bg7 17. Be3 Bd7 18. Rab1 Ba4 19. Rd2 Nc5 20. Bd3
Bc6 21. e5 Ne4+ 22. Bxe4 Bxe4 23. Rb4 e6 24. Rdb2 Rfc8+ 25. Rc4 Rxc4+ 26. Kxc4
Bf8 27. a4 Rc8+ 28. Kb5 Bd3+ 29. Ka5 b6+ 30. Rxb6 axb6+ 31. Kxb6 Ra8 32. a5 Bb4
33. Bd2 Be7 34. Be1 Bd8+ 35. Kb7 Be4+ 0-1

[Event "XI Torneo Leonardo di Bona Nazionale"]
[Site "Cutro ITA"]
[Date "2005.04.26"]
[Round "3"]
[White "Policastrese, Domenico"]
[Black "Jeanrenaud, Antonia"]
[Result "0-1"]
[WhiteElo "1449"]
[BlackElo "1407"]
[PlyCount "106"]
[EventDate "2005.04.24"]

1. e4 e5 2. Nf3 d6 3. d3 Nf6 4. Be3 Be7 5. Be2 Be6 6. O-O d5 7. Nc3 d4 8. Bd2
dxc3 9. Bxc3 Nbd7 10. Bxe5 Nxe5 11. Nxe5 O-O 12. Bh5 Bd6 13. Nc4 Bxc4 14. dxc4
Nxh5 15. Qxh5 Qe7 16. Rfe1 Be5 17. c3 Rad8 18. Re3 Rd2 19. Re2 Rxe2 20. Qxe2
Rd8 21. g3 Qf6 22. Rf1 c5 23. a3 g6 24. Kg2 Qc6 25. f3 Bg7 26. Qc2 Bh6 27. Rf2
Rd6 28. Kh3 Qd7+ 29. Kg2 Rd2 30. Qxd2 Qxd2 31. Rxd2 Bxd2 32. g4 Bc1 33. e5 Bxb2
34. f4 Bxa3 35. Kf3 Bb2 36. Ke4 Bxc3 37. f5 gxf5+ 38. gxf5 a5 39. Kd5 Bxe5 40.
Kxe5 a4 41. Kd5 a3 42. Kxc5 a2 43. Kb6 a1=Q 44. c5 Qb1+ 45. Ka7 Kf8 46. h4 Ke7
47. Kb8 Kd7 48. h5 b6 49. c6+ Kxc6 50. f6 Qa1 51. h6 Qe5+ 52. Ka8 Qe8+ 53. Ka7
Qd7+ 0-1

[Event "XI Torneo Leonardo di Bona Nazionale"]
[Site "Cutro ITA"]
[Date "2005.04.26"]
[Round "3"]
[White "Policastrese, Salvatore"]
[Black "Abbruzzese, Alfredo"]
[Result "1-0"]
[WhiteElo "1401"]
[BlackElo "1440"]
[PlyCount "101"]
[EventDate "2005.04.24"]

1. e4 e5 2. Nf3 Nc6 3. Bb5 Nf6 4. Nc3 Bc5 5. h3 d6 6. O-O O-O 7. d3 h6 8. Qe2
Qe7 9. Be3 Bb4 10. d4 Be6 11. d5 a6 12. Bxc6 bxc6 13. dxe6 Qxe6 14. Bd2 d5 15.
exd5 cxd5 16. Qxe5 Rfe8 17. Qxc7 Bd6 18. Qa5 Reb8 19. b3 Rc8 20. Rac1 Bc7 21.
Qa4 Qd6 22. Rfe1 Bb6 23. Ne2 Qc5 24. Be3 Qd6 25. Bxb6 Qxb6 26. Ned4 Ne4 27. c4
Rd8 28. cxd5 Nf6 29. Qc6 Qb4 30. Re5 Rdc8 31. Rc4 Qa3 32. Ra4 Qb2 33. Qb7 Rcb8
34. Qe7 Rd8 35. d6 Qc1+ 36. Re1 Qc8 37. Qc7 Qd7 38. Qxd7 Rxd7 39. Nf5 Nd5 40.
Nd2 g6 41. Ne7+ Kg7 42. Nxd5 Rxd6 43. Ra5 f6 44. Re7+ Kf8 45. Ne4 Rc6 46. Rb7
Rc1+ 47. Kh2 f5 48. Nef6 Rc2 49. f3 Rac8 50. Nf4 g5 51. Ng6# 1-0

[Event "XI Torneo Leonardo di Bona Nazionale"]
[Site "Cutro ITA"]
[Date "2005.04.26"]
[Round "3"]
[White "Virelli, Salvatore"]
[Black "Amodei, Diego"]
[Result "1/2-1/2"]
[WhiteElo "1497"]
[BlackElo "1634"]
[PlyCount "65"]
[EventDate "2005.04.24"]

1. e4 c5 2. Nf3 Nc6 3. d4 cxd4 4. Nxd4 d6 5. Nc3 Nf6 6. Bg5 e6 7. f4 Be7 8. Bb5
Bd7 9. Qd2 Qc7 10. O-O-O a6 11. Nxc6 Bxc6 12. Bxc6+ Qxc6 13. Bxf6 gxf6 14. f5
O-O-O 15. g4 Rdg8 16. h3 h5 17. Rhg1 hxg4 18. hxg4 Kb8 19. Qe2 Rc8 20. Kb1 Bf8
21. Rh1 Bh6 22. Rd3 Bf4 23. Rdh3 Rxh3 24. Rxh3 Be5 25. a3 Qb6 26. Na4 Qg1+ 27.
Ka2 b5 28. Nc3 Bxc3 29. Rxc3 Rxc3 30. bxc3 Qc5 31. Qd3 Qc4+ 32. Kb2 Kc7 33. Qd4
1/2-1/2

[Event "XI Torneo Leonardo di Bona Nazionale"]
[Site "Cutro ITA"]
[Date "2005.04.27"]
[Round "4"]
[White "Abbruzzese, Alfredo"]
[Black "Policastrese, Domenico"]
[Result "1-0"]
[WhiteElo "1440"]
[BlackElo "1449"]
[PlyCount "69"]
[EventDate "2005.04.24"]

1. e4 e5 2. Nf3 d6 3. d3 g6 4. g3 Bg7 5. Bg2 Nf6 6. Bg5 Nbd7 7. Nbd2 c6 8. c3
Qc7 9. Qc2 O-O 10. O-O Re8 11. Rfe1 Ng4 12. Bh3 Ndf6 13. Bg2 Qb6 14. d4 c5 15.
Nc4 Qc6 16. Be3 Nxe4 17. Nfd2 d5 18. dxc5 Be6 19. Na5 Qb5 20. b4 Bf5 21. a4 Qd7
22. f3 Nxe3 23. Rxe3 Nxc5 24. Qa2 d4 25. Ree1 Nd3 26. Red1 dxc3 27. Ndc4 Qd4+
28. Kf1 Rac8 29. g4 Nb2 30. Rxd4 Bd3+ 31. Rxd3 Nxd3 32. Nd6 c2 33. Nxc8 Rxc8
34. Ke2 Nc1+ 35. Rxc1 1-0

[Event "XI Torneo Leonardo di Bona Nazionale"]
[Site "Cutro ITA"]
[Date "2005.04.27"]
[Round "4"]
[White "De Giglio, Michele"]
[Black "Olivo, Gaetano"]
[Result "1-0"]
[WhiteElo "1745"]
[BlackElo "1610"]
[PlyCount "47"]
[EventDate "2005.04.24"]

1. e4 e6 2. d3 d5 3. Nd2 d4 4. Ngf3 c5 5. g3 Nc6 6. Bg2 e5 7. O-O Be7 8. Nc4
Qc7 9. Ng5 h6 10. Nh3 b5 11. Nd2 Nf6 12. f4 exf4 13. gxf4 Bxh3 14. Bxh3 Rd8 15.
e5 Nd5 16. Ne4 g5 17. Qh5 gxf4 18. Bxf4 Nxf4 19. Rxf4 Nxe5 20. Raf1 Rg8+ 21.
Kh1 Rg6 22. Rxf7 Nxf7 23. Qxg6 Bg5 24. Qg8+ 1-0

[Event "XI Torneo Leonardo di Bona Nazionale"]
[Site "Cutro ITA"]
[Date "2005.04.27"]
[Round "4"]
[White "Di Mauro, Sebastiano"]
[Black "Nudo, Walter"]
[Result "0-1"]
[WhiteElo "1799"]
[BlackElo "1700"]
[PlyCount "106"]
[EventDate "2005.04.24"]

1. e4 c5 2. Nc3 d6 3. g3 e6 4. Bg2 Nf6 5. d3 Be7 6. Be3 Nbd7 7. f4 a6 8. Nh3 e5
9. a4 b6 10. O-O Bb7 11. Qe2 Qc7 12. fxe5 dxe5 13. Rfb1 O-O 14. Rf1 Rac8 15. g4
c4 16. Kh1 cxd3 17. cxd3 Nc5 18. g5 Nfd7 19. Bxc5 Bxc5 20. Qh5 g6 21. Qh4 Be7
22. Qg3 f6 23. gxf6 Rxf6 24. Rxf6 Nxf6 25. Rf1 Nh5 26. Qg4 Rf8 27. Qe6+ Kg7 28.
Rxf8 Bxf8 29. Ng5 Nf4 30. Qe8 Bc8 31. h4 h6 32. Nf3 Nxd3 33. Nd5 Qc1+ 34. Kh2
Bd6 35. h5 gxh5 36. Nh4 Qg5 37. Nf3 Qg4 38. Qc6 Nf4 39. Nxf4 Qxf4+ 40. Kh1 Qf8
41. Qxb6 Bg4 42. Nd2 h4 43. Qg1 Qf4 44. Bh3 h5 45. Bxg4 hxg4 46. Qg2 Kf6 47.
Qf1 h3 48. Qxf4+ exf4 49. Nc4 Be5 50. b4 f3 51. b5 f2 52. Ne3 g3 53. Ng4+ Ke6
0-1

[Event "XI Torneo Leonardo di Bona Nazionale"]
[Site "Cutro ITA"]
[Date "2005.04.27"]
[Round "4"]
[White "Fagotto, Roberto"]
[Black "Barbuto, Sergio"]
[Result "1-0"]
[WhiteElo "1940"]
[BlackElo "1859"]
[PlyCount "111"]
[EventDate "2005.04.24"]

1. e4 c6 2. d4 d5 3. exd5 cxd5 4. Bb5+ Bd7 5. Bxd7+ Nxd7 6. Nf3 Ngf6 7. c3 e6
8. Bf4 Qb6 9. Qb3 Be7 10. O-O O-O 11. Nbd2 a5 12. a4 Qxb3 13. Nxb3 Rfc8 14. Ne5
Nxe5 15. Bxe5 Nd7 16. Bf4 Nb6 17. Nd2 Nc4 18. Nxc4 Rxc4 19. Rfb1 Ra6 20. Bd2
Rc8 21. Kf1 Rac6 22. Ke2 Bd6 23. f4 g6 24. Kd3 Rb8 25. g3 Kg7 26. b4 axb4 27.
cxb4 Rc4 28. a5 Be7 29. Bc3 Rbc8 30. Rb3 Bd8 31. b5 Ra8 32. a6 bxa6 33. bxa6
Rc6 34. a7 Bb6 35. Ra6 Rxa7 36. Raxb6 Rcc7 37. Bb2 Ra2 38. Ra3 Rxa3+ 39. Bxa3
Ra7 40. Rb3 Kf6 41. Ke3 h5 42. Kf3 Kf5 43. h3 Rd7 44. Bc5 g5 45. g4+ hxg4+ 46.
hxg4+ Kg6 47. Rb8 gxf4 48. Kxf4 Kg7 49. Kg5 f5 50. gxf5 exf5 51. Kxf5 Kf7 52.
Rf8+ Kg7 53. Ke6 Rc7 54. Kxd5 Rd7+ 55. Bd6 Ra7 56. Rf1 1-0

[Event "XI Torneo Leonardo di Bona Nazionale"]
[Site "Cutro ITA"]
[Date "2005.04.27"]
[Round "4"]
[White "Ielapi, Gianbattista"]
[Black "Policastrese, Salvatore"]
[Result "1-0"]
[WhiteElo "1536"]
[BlackElo "1401"]
[PlyCount "79"]
[EventDate "2005.04.24"]

1. c4 e5 2. Nc3 Nf6 3. d3 Bc5 4. h3 Nc6 5. Nf3 d6 6. e4 Nd4 7. Nxd4 Bxd4 8. Be2
h6 9. O-O O-O 10. Kh1 Re8 11. f4 c6 12. Bd2 d5 13. Qc2 b6 14. Bf3 Qd6 15. exd5
Bxc3 16. Qxc3 cxd5 17. fxe5 Qxe5 18. Qxe5 Rxe5 19. Rae1 Rxe1 20. Rxe1 Bb7 21.
Re7 Ba6 22. Bc3 Nh7 23. Rxf7 Kxf7 24. Bxd5+ Kf8 25. Bxa8 Ng5 26. Kg1 Nf7 27.
Kf2 g6 28. h4 Ke8 29. Be4 Nd6 30. Bxg6+ Kd7 31. g4 b5 32. b3 bxc4 33. dxc4 Ke6
34. g5 hxg5 35. hxg5 Bb7 36. Ke3 Nf5+ 37. Kf4 Nh4 38. Bh5 Ng2+ 39. Kg3 Be4 40.
g6 1-0

[Event "XI Torneo Leonardo di Bona Nazionale"]
[Site "Cutro ITA"]
[Date "2005.04.27"]
[Round "4"]
[White "Ielapi, Vito"]
[Black "Forlano, Luigi"]
[Result "1-0"]
[WhiteElo "1887"]
[BlackElo "1912"]
[PlyCount "69"]
[EventDate "2005.04.24"]

1. e4 c5 2. Nf3 e6 3. d4 cxd4 4. Nxd4 a6 5. c4 Nf6 6. Nc3 d6 7. Be2 Be7 8. O-O
O-O 9. Be3 Nbd7 10. Re1 Qc7 11. Qd2 b6 12. f3 Bb7 13. Bf1 Rac8 14. Rac1 Qb8 15.
Qf2 Ne5 16. b3 Rfe8 17. Na4 Ba8 18. Nc2 Ned7 19. Nxb6 Nxb6 20. Bxb6 Nd7 21. Be3
Bd8 22. Red1 Bc7 23. h3 f5 24. exf5 exf5 25. Kh1 d5 26. cxd5 Bg3 27. Qd2 Qd6
28. Nd4 g6 29. Rxc8 Rxc8 30. Ne6 Nf6 31. Bc4 Bh4 32. Bf4 Qd7 33. g3 g5 34. Be5
f4 35. gxh4 1-0

[Event "XI Torneo Leonardo di Bona Nazionale"]
[Site "Cutro ITA"]
[Date "2005.04.27"]
[Round "4"]
[White "Jeanrenaud, Antonia"]
[Black "Carabetta, Alfredo"]
[Result "0-1"]
[WhiteElo "1407"]
[BlackElo "1497"]
[PlyCount "58"]
[EventDate "2005.04.24"]

1. e4 Nf6 2. d3 d5 3. Nd2 e5 4. Ngf3 Nc6 5. Be2 d4 6. c3 Bc5 7. cxd4 Bxd4 8.
O-O h6 9. Nb3 O-O 10. Nbxd4 Nxd4 11. Nxe5 Nxe2+ 12. Qxe2 Re8 13. Nf3 b6 14. b3
Ba6 15. Rd1 Nxe4 16. Bb2 Nc3 17. Qd2 Nxd1 18. Rxd1 Qd5 19. Qc3 f6 20. Qxc7 Rec8
21. Qg3 Qf7 22. Nd4 Qc7 23. Qg6 Re8 24. Nf5 Bxd3 25. Bxf6 Bxf5 26. Bxg7 Bxg6
27. Bxh6 Qc2 28. Rc1 Qxc1+ 29. Bxc1 Re1# 0-1